000 00732nam a22002177a 4500
003 UA-OsUOA
001 101135
007 ta
008 20130605b un ||||| |||| 00| 0 ukr d
100 _aБашко В.
090 _a330(477)
_bБ33
942 _cSA
040 _aUA-OsUOA
_bukr
_cUA-OsUOA
_dUA-OsUOA
245 _aДефіцит бюджету і квазіфіскальні операції: підвищення прозорості в сфері державних фінансів
300 _aС.40-54
955 _a0
041 _aukr
080 _a330(477)
773 0 _w101131
_tВісник Національного банку України
_dК.
_d2013
_g5
650 7 _a330 Економіка взагалі
_2UDC
999 _c387384
_d387384